000 01014nam a2200313 i 4500
001 000002024
003 DO-SdBNP
005 20250319141942.0
007 ta
008 090630s2008 pr a 000 0 spa d
020 _a9789945455045
040 _aDO-SdBNP
_bspa
_cBNPHU
_erda
041 _aspa
082 4 _aPR861.5
_bP128a
_222
100 1 _aPagán López, Zuleika,
_d1982-
_eautor
_4aut.
_96538
245 1 0 _aAnkh /
_cZuleika Pagán López.
264 4 _aSan Jan, Puerto Rico :
_bEditorial Isla Negra,
_c©2008.
300 _a58 páginas :
_bilustraciones ;
_c22 cm.
336 _atexto
_btxt
_2rdacontent
337 _asin mediación
_bn
_2rdamedia
338 _avolumen
_bnc
_2rdacarrier
490 0 _aColección Josemilio González
500 _aIncluye biografía del autor en la solapa de la cubierta
590 _aInventariado, 2019 / DG
650 4 _aPoesía puertoriqueña
_96539
650 4 _aLiteratura puertoriqueña
_96540
910 _aValidado. Control de calidad MMOLINA
942 _2ddc
_cLBS1
999 _c1889
_d1889